[Event "It (open)"]
[Site "masterchessopen.com Porto Mannu (Italy)"]
[Date "2008.05.21"]
[Round "6"]
[White "Neubauer Kai (ITA)"]
[Black "Calandri Fausto (ITA)"]
[Result "0-1"]
[WhiteElo "2016"]
[BlackElo "2130"]

1.d4 e6 2.c4 Nf6 3.Nc3 Bb4 4.e3 O-O 5.Bd3 c5 6.Nf3 d5 7.O-O dxc4 8.Bxc4 Nbd7
9.a3 cxd4 10.axb4 dxc3 11.bxc3 Qc7 12.Qb3 Nb6 13.Be2 e5 14.Ra5 Be6 15.Qa3 Nfd7
16.Nd2 Rfc8 17.Bb2 a6 18.c4 Bxc4 19.Rc1 Qd6 20.Ne4 Qe7 21.Bg4 Be6 22.Bxe6
Rxc1+ 23.Bxc1 Qxe6 24.Nc5 Qd6 25.Qb3 Rc8 26.h3 Qc6 27.Bb2 h6 28.f4 exf4
29.exf4 Nf6 30.Qg3 Nc4 31.Bxf6 Qxf6 32.Ne4 Qd4+ 33.Kh2 Nxa5 34.Qg4 Rc4 {#R}
0-1

[Event "Ch Ukraine (club)"]
[Site "masterchessopen.com Alushta (Ukraine)"]
[Date "2008.05.28"]
[Round "9"]
[White "Brodsky Michail (UKR)"]
[Black "Andreev Eduard (UKR)"]
[Result "1-0"]
[WhiteElo "2551"]
[BlackElo "2440"]

{ Andreev Eduard (UKR) +0 =1 -0 } 1.d4 Nf6 2.c4 e6 3.Nc3 Bb4 4.e3 c5 5.Bd3 O-O
6.Nf3 d5 7.O-O dxc4 8.Bxc4 Nbd7 9.a3 { ?/= } 9...Ba5 ( 9...cxd4 10.axb4 dxc3
11.bxc3 Qc7 12.Be2 Qxc3 13.Ba3 Nd5 14.Qb1 Qf6 15.Bd3 h6 16.b5 Rd8 17.Bb2 Qe7
18.Ra4 Nc5 19.Bh7+ Kh8 20.Rh4 f6 21.Rc4 Bd7 22.Ba3 b6 23.Be4 a6 24.bxa6 Rxa6
25.Bxc5 bxc5 26.Rfc1 Ra5 27.Qb2 Rb5 28.Qa3 Nb6 29.R4c3 { ...1/2-1/2, Kramnik
Vladimir 2770 - Kasparov Garry 2849 , London 2000 Ch World (match)
"Braingames" } ) ( 9...Bxc3 10.bxc3 b6 11.Qe2 Bb7 12.Bd3 Ne4 13.Bb2 f5 14.c4
Qe8 15.Rad1 Rd8 16.d5 Ndf6 17.dxe6 Qxe6 18.Ne5 Ng4 19.Bxe4 Bxe4 20.f4 Nxe5
21.Bxe5 h5 22.h3 Bb7 23.Kh2 Ba6 24.Rc1 Rd7 25.e4 fxe4 26.Qxe4 Rd4 27.Qe3 Rxc4
28.Qg3 Qe7 29.Rcd1 { ...1/2-1/2, Wang Puchen 2383 - Akobian Varuzhan 2599 ,
Sydney 26. 3.2008 It (open) } ) 10.Bd2 ( 10.Qe2 Qe7 11.e4 cxd4 12.Nxd4 Ne5
13.Ba2 Bd7 14.Bf4 Ng6 15.Bd2 Bb6 16.Nf3 Bc6 17.Rad1 Rfd8 18.b4 a6 19.Be3 Bxe3
20.Qxe3 Rxd1 21.Rxd1 e5 22.Ng5 Be8 23.Qb6 h6 24.Nf3 Rc8 25.Nd5 Nxd5 26.exd5
Ba4 27.Re1 e4 28.h3 Nf4 29.d6 Qf6 { ...1-0, Kozakov Mikhail 2477 - Bratovic
Blaz 2336 , Ptuj 30.11.2003 It (cat.5) } ) ( 10.Ne2 cxd4 11.Nexd4 e5 12.Nb5 e4
13.Nd2 Ne5 14.b4 Bb6 15.Bb2 Qe7 16.Qb3 a6 17.Nc3 Nxc4 18.Qxc4 Be6 19.Qe2 Bg4
20.Nd5 Nxd5 21.Qxg4 f5 22.Qd1 Rfd8 23.Qb3 Qf7 24.Rfd1 Rac8 25.Nf1 Nf6 26.Rxd8+
Rxd8 27.Qc2 Qe6 28.Rc1 Kf7 29.h3 Rd6 { ...1-0, Braun Arik 2229 - Levin Felix
2531 , Altenkirchen 2001 Ch Germany } ) ( 10.Bd3 Bc7 11.b4 cxd4 12.exd4 b6
13.Re1 Bb7 14.Ne5 Rc8 15.Bb2 g6 16.Qe2 Nd5 17.Nxd5 Bxd5 18.Ba6 Ra8 19.Rac1 Bd6
20.Rc3 Nf6 21.Rh3 Ne4 22.Bd3 f5 23.Bxe4 Bxe4 24.d5 Bxe5 25.Bxe5 Qxd5 26.Ba1 e5
27.Re3 Bxg2 28.Rxe5 Qf3 29.Re7 Rf7 { ...1-0, Muratov Vladimir A - Podgaets
Mikhail 2530 , Ivano-Frankovsk 1971 Ch URS (1/2 final) } ) 10...cxd4 ( 10...b6
11.Qb1 Bxc3 12.Bxc3 Bb7 13.Rd1 Qc7 14.dxc5 Qxc5 15.Be2 Rfd8 16.Qd3 Qf8 17.Qc4
Ne4 18.Bb4 { 1/2-1/2, Beliavsky Alexander G 2639 - Carlsen Magnus 2698 ,
Amsterdam 22. 8.2006 It (sheveningen) } ) 11.exd4 ( 11.Nxd4 Ne5 12.Be2 Bd7
13.Qb3 Nc6 14.Nf3 Qe7 15.Rfd1 Rfd8 16.Qa4 Bc7 17.Nb5 Bb6 18.Qh4 h6 19.Be1 Be8
20.Nd2 a6 21.Nc3 Nd5 22.Qxe7 Ncxe7 23.Nxd5 { 1/2-1/2, Aleksandrov Aleksej 2619
- Adams Michael 2735 , Turin 31. 5.2006 Olympiad } ) 11...Bxc3 ( 11...a6 12.a4
b6 13.Qe2 Bb7 14.Rfd1 Re8 15.Ne5 Bxc3 16.Bxc3 Nd5 17.Bd2 Nf8 18.Ra3 f6 19.Ng4
Ng6 20.Rg3 Kh8 21.Bd3 Ndf4 22.Bxf4 Nxf4 23.Qe3 Nxd3 24.Qxd3 Qd5 25.Qd2 Re7
26.Ne3 Qd8 27.Qd3 Rc8 28.Rh3 f5 29.f3 Rec7 30.d5 Rc1 31.d6 { ...1-0, Gligoric
Svetozar 2447 - Averbakh Yuri L 2445 , Titovo Uzice 1966 It } ) 12.bxc3 (
12.Bxc3 Nb6 13.Bb3 Nbd5 14.Bd2 b6 15.Ne5 Bb7 16.Qf3 Rc8 17.Bg5 Qc7 18.Rac1 Qb8
19.Bxd5 Bxd5 20.Qe3 Ne4 21.Nd7 Qb7 22.Nxf8 Nxg5 23.Qxg5 Rxf8 24.Rc3 h6 25.Qe5
Kh7 26.Rfc1 Qa6 27.Rg3 Rg8 28.Rc7 Qa4 29.h3 { 1-0, Gonzalez Garcia Jose 2541 -
Vera Reynaldo 2495 , Merida 17.12.2007 Memorial C.Torre (open) } ) 12...Qc7 (
12...b6 13.Qe2 Bb7 14.Bd3 Qc7 15.Rfe1 Rfe8 16.c4 Rad8 17.Bg5 Nf8 18.Bxf6 gxf6
19.Be4 Bxe4 20.Qxe4 Qxc4 21.Qg4+ Kh8 22.Qh4 Kg7 23.Qg4+ Ng6 24.h4 Kh8 25.h5
Ne7 26.Rac1 Qd5 27.Qh4 Qf5 28.Rc7 Rg8 29.Nh2 Nd5 30.Rxf7 a5 31.g3 b5 32.Qe4 {
...0-1, Jussupow Artur 2600 - Carlsen Magnus 2698 , Amsterdam 27. 8.2006 It
(sheveningen) } ) 13.Bd3 b6 { +0.48 CAP } 14.Re1 Bb7 15.a4 { N } ( 15.Rc1 Rfe8
16.Bg5 Qc6 17.a4 a6 18.Qb3 Rad8 19.h3 Qd6 20.Nd2 h6 21.Be3 e5 22.Bf1 Nd5
23.dxe5 Nxe5 24.Bd4 Nc6 25.Nc4 Nxd4 26.cxd4 Qf6 27.Rxe8+ Rxe8 28.Rb1 Re6
29.Ne5 Qf4 30.Bxa6 Bxa6 31.Qxd5 Be2 32.Re1 Qd2 33.Qa8+ { 1-0, Pomar Salamanca
Arturo 2345 - Unzicker Wolfgang 2433 , Adelboden 7.1969 Cup Clare Benedict } )
( 15.Ne5 Rac8 16.Nxd7 Qxd7 17.Re3 g6 18.Rg3 Be4 19.Qe2 Bxd3 20.Qxd3 Qd5 21.Re1
Rc4 22.Re5 Qc6 23.h4 Nd7 24.Re1 Nf6 25.Re5 Nd7 26.Re1 Nf6 { 1/2-1/2,
Kudriavtsev Yuri 1933 - Pogromsky Alexander 2041 , Zelenograd 13. 8.2007 Ch
Russia (for the Deaf) (team) } ) 15...Rac8 16.a5 Nd5 17.axb6 axb6 18.c4 Nf4
19.Bf1 Ra8 20.Qb3 h6 { ?! } ( 20...Ng6 { !? } 21.g3 Rfd8 22.Be2 Nf6 23.Rxa8
Bxa8 24.Bc3 Ne4 25.Bb4 { } ) 21.Ne5 Nh5 22.Nxd7 Qxd7 23.Qxb6 Rxa1 24.Rxa1 Be4
25.Ra7 Qc8 26.f3 Bg6 27.Bb4 Rd8 28.Be7 Rd7 29.Rxd7 Qxd7 30.Qd8+ Qxd8 31.Bxd8
Kf8 32.c5 Ke8 33.Ba5 Nf4 34.Bb5+ Ke7 35.c6 { } {#r} 1-0

[Event "It (open)"]
[Site "masterchessopen.com Voronezh (Russia)"]
[Date "2008.06.15"]
[Round "4"]
[White "Napalkov Vladimir (RUS)"]
[Black "Sanzhaev Darsen (RUS)"]
[Result "1-0"]
[WhiteElo "2235"]
[BlackElo "2082"]

1.d4 Nf6 2.c4 e6 3.Nc3 Bb4 4.e3 O-O 5.Bd3 c5 6.Nf3 d5 7.O-O dxc4 8.Bxc4 Nbd7
9.a3 cxd4 10.axb4 dxc3 11.bxc3 Qc7 12.Qb3 b6 13.Be2 Bb7 14.h3 Ne4 15.c4 Ne5
16.Rd1 Ng6 17.Bb2 a5 18.Rab1 Rfb8 19.Ba1 Bc6 20.Nd4 Bb7 21.Qb2 e5 22.Nb5 Qe7
23.Bf1 Bc6 24.bxa5 bxa5 25.Qc2 Ng5 26.Qf5 Nh4 27.Qg4 f5 28.Qg3 f4 29.exf4 exf4
30.Qxf4 Rf8 31.Qc7 Nxh3+ 32.gxh3 Qg5+ 33.Qg3 Nf3+ 34.Kh1 Nh4+ 35.Rd5 Bxd5+
36.cxd5 Qxd5+ 37.Bg2 Nxg2 38.Qxg7# 1-0

[Event "It (open)"]
[Site "masterchessopen.com Montcada (Spain)"]
[Date "2008.06.30"]
[Round "6"]
[White "Peralta Fernando (ARG)"]
[Black "Corrales Fidel (CUB)"]
[Result "1-0"]
[WhiteElo "2557"]
[BlackElo "2552"]

1.d4 Nf6 2.c4 e6 3.Nc3 Bb4 4.e3 d5 5.Nf3 c5 6.Bd3 O-O 7.O-O dxc4 8.Bxc4 Nbd7
9.Bd3 cxd4 10.exd4 b6 11.Bf4 Bb7 12.Rc1 Rc8 13.Qe2 Nd5 14.Bd2 Be7 15.Rfd1 Nb4
16.Bb1 Ba6 17.Qe3 Nf6 18.Ne5 Re8 19.Qh3 Qxd4 20.Bg5 Qxd1+ 21.Rxd1 h6 22.Bxh6
gxh6 23.Qxh6 Red8 24.Rxd8+ Bxd8 25.Nd7 {#r} 1-0

[Event "Ch Great Britain"]
[Site "masterchessopen.com Liverpool (England)"]
[Date "2008.08.01"]
[Round "5"]
[White "Buckley Graeme (ENG)"]
[Black "Gormally Daniel (ENG)"]
[Result "0-1"]
[WhiteElo "2399"]
[BlackElo "2514"]

1.d4 Nf6 2.c4 e6 3.Nc3 Bb4 4.e3 O-O 5.Bd3 d5 6.Nf3 c5 7.O-O dxc4 8.Bxc4 Nbd7
9.a3 Ba5 10.Qe2 cxd4 11.exd4 Bxc3 12.bxc3 Qc7 13.Bg5 b6 14.Bd3 Bb7 15.c4 h6
16.Bd2 Rfd8 17.Rad1 Rac8 18.Rfe1 Qd6 19.Bc1 Qc6 20.Bb2 Qc7 21.Bc1 Ba6 22.Ne5
Nxe5 23.dxe5 Nd7 24.Qe4 Nf8 25.Qg4 Kh8 26.Re4 Ng6 27.Qh5 Bb7 28.Ree1 Qc6
29.Qg4 Rd4 30.Qg3 Rcd8 31.Be2 Rxd1 32.Bxd1 Qe4 33.Be3 Qb1 34.Qg4 Nxe5 35.Qe2
Qg6 36.Qf1 Nd3 37.Re2 Nf4 {#R} 0-1

[Event "Ch Serbia (team) (1st League)"]
[Site "masterchessopen.com Subotica (Serbia)"]
[Date "2008.09.03"]
[Round "3"]
[White "Halkias Stelios (GRE)"]
[Black "Efimenko Zahar (UKR)"]
[Result "0-1"]
[WhiteElo "2584"]
[BlackElo "2680"]

1.d4 Nf6 2.c4 e6 3.Nc3 Bb4 4.e3 O-O 5.Bd3 d5 6.Nf3 c5 7.O-O dxc4 8.Bxc4 Nbd7
9.a3 Ba5 10.Ne2 cxd4 11.exd4 a6 12.Bg5 b5 13.Ba2 Bb7 14.d5 Bxd5 15.Bxd5 exd5
16.Ned4 Bb6 17.Nc6 Qe8 18.Rc1 Kh8 19.Nfd4 Rc8 20.Nf5 Qe6 21.Nfe7 Rce8 22.Re1
Ne4 23.Be3 Bxe3 24.Rxe3 Rxe7 25.Nxe7 Qxe7 26.Qxd5 f5 27.f3 Ndf6 28.Qd4 Rd8
29.Qb6 Nd5 {#R} 0-1

[Event "Ch Finland (team) 2008/09"]
[Site "masterchessopen.com Finland"]
[Date "2008.09.07"]
[Round "2"]
[White "Rantanen Yrjo A (FIN)"]
[Black "Miezis Normunds (LAT)"]
[Result "0-1"]
[WhiteElo "2377"]
[BlackElo "2557"]

1.d4 Nf6 2.c4 e6 3.Nc3 Bb4 4.e3 c5 5.Bd3 d5 6.Nf3 O-O 7.O-O dxc4 8.Bxc4 Nbd7
9.a3 Ba5 10.Ne2 Bc7 11.dxc5 Nxc5 12.b4 Qxd1 13.Rxd1 Nce4 14.Bb2 Bd7 15.Bb3
Rfd8 16.Rac1 Bb6 17.h3 Be8 18.Rxd8 Bxd8 19.Rd1 a5 20.Ne1 axb4 21.axb4 Be7
22.f3 Nd6 23.e4 Nb5 24.Nc2 Rc8 25.Rd3 Nd7 26.Kf1 Nb6 27.Bc1 Nc4 28.Rd1 Kf8
29.Ke1 Nca3 30.Nxa3 Bxb4+ 31.Bd2 Bxa3 32.Rb1 Be7 33.Ba4 Na3 {#R} 0-1

[Event "It (cat.2)"]
[Site "masterchessopen.com Budapest (Hungary)"]
[Date "2008.09.09"]
[Round "4"]
[White "Li Panru (CHN)"]
[Black "Petran Pal (HUN)"]
[Result "0-1"]
[WhiteElo "2126"]
[BlackElo "2361"]

1.d4 Nf6 2.c4 e6 3.Nc3 Bb4 4.e3 O-O 5.Bd3 d5 6.Nf3 c5 7.O-O dxc4 8.Bxc4 Nbd7
9.Bd3 cxd4 10.exd4 Bxc3 11.bxc3 Qc7 12.c4 b6 13.Be3 Bb7 14.Rc1 Rac8 15.Qe2
Rfe8 16.Rfd1 e5 17.Bf5 exd4 18.Nxd4 a6 19.Bh3 Rcd8 20.Nf5 Nc5 21.Rxd8 Rxd8
22.Bd4 Re8 23.Qd2 Nfe4 24.Re1 f6 25.Qc2 Bc6 26.Bg4 Qd8 27.Rd1 Ba4 28.Qc1 Bxd1
29.Qxd1 Ne6 30.Be3 Qxd1+ 31.Bxd1 g6 32.Ba4 b5 33.Nh6+ Kg7 34.cxb5 Nc3 35.Bb3
axb5 36.h4 Nd4 37.Ng4 Nxb3 38.axb3 Re4 {#R} 0-1

[Event "Ch Hungary (KO-system)"]
[Site "masterchessopen.com Nyiregyhaza (Hungary)"]
[Date "2008.09.23"]
[Round "4"]
[White "Kovacs G_ (HUN)"]
[Black "Ruck Robert (HUN)"]
[Result "0-1"]
[WhiteElo "2490"]
[BlackElo "2574"]

1.d4 Nf6 2.c4 e6 3.Nc3 Bb4 4.e3 O-O 5.Nf3 c5 6.Bd3 d5 7.O-O dxc4 8.Bxc4 Nbd7
9.a3 cxd4 10.axb4 dxc3 11.bxc3 Qc7 12.Be2 Nd5 13.Bb2 Nxc3 14.Qd2 Nxe2+ 15.Qxe2
Nb6 16.Rfc1 Qe7 17.b5 Rd8 18.Bd4 Nd5 19.b6 a5 20.e4 Nf4 21.Qe3 Ng6 22.Rc7 Rd7
23.Rac1 Rxc7 24.Rxc7 Qe8 25.Ne5 f6 26.Ng4 e5 27.Nxf6+ gxf6 28.Qh6 Bd7 29.Bc5
Rc8 30.h4 Rxc7 31.bxc7 Qf7 32.h5 Nf4 33.g3 Nh3+ 34.Kg2 Ng5 35.f3 Qa2+ 36.Bf2
Bh3+ {#R} 0-1

[Event "World Mindsports Games (Blitz Team KO)"]
[Site "masterchessopen.com Beijing (China)"]
[Date "2008.10.14"]
[Round "1"]
[White "Korobov Anton (UKR)"]
[Black "Almasi Zoltan (HUN)"]
[Result "1-0"]
[WhiteElo "2605"]
[BlackElo "2663"]

1.d4 Nf6 2.c4 e6 3.Nc3 Bb4 4.e3 O-O 5.Bd3 d5 6.Nf3 c5 7.O-O dxc4 8.Bxc4 Nbd7
9.a3 Ba5 10.Qe2 cxd4 11.exd4 Bxc3 12.bxc3 Qc7 13.Bd2 b6 14.Bd3 Bb7 15.Rfe1
Rfe8 16.c4 Rad8 17.Rad1 h6 18.h3 Qd6 19.Qe3 Bxf3 20.Qxf3 e5 21.Bb4 Qb8 22.d5
Nc5 23.Bb1 e4 24.Qe3 Qc7 25.Bc3 Qd6 26.Bc2 Nh5 27.Qd4 Qg6 28.Qe3 f5 29.f4 exf3
30.Qxf3 Ne4 31.Bd4 Nhg3 32.Bd3 Kh7 33.a4 Nc5 34.Bc2 Nge4 35.a5 Kh8 36.axb6
axb6 37.Ra1 Nd6 38.Rxe8+ Rxe8 39.Ra7 Rg8 40.Qf4 Nde4 41.Rc7 Kh7 42.g4 {#r} 1-0

[Event "Ch World (juniors) (under 16)"]
[Site "masterchessopen.com Vung Tau (Vietnam)"]
[Date "2008.10.22"]
[Round "4"]
[White "Kottahachchy K O V (SRI)"]
[Black "Thavandiran Shiyam (CAN)"]
[Result "1-0"]
[WhiteElo "2017"]
[BlackElo "2338"]

1.d4 Nf6 2.c4 e6 3.Nc3 Bb4 4.e3 d5 5.Nf3 O-O 6.Bd3 c5 7.O-O dxc4 8.Bxc4 Nbd7
9.a3 Bxc3 10.bxc3 b6 11.Qe2 Bb7 12.Bd3 Ne4 13.Bb2 Qc7 14.c4 Rac8 15.Qc2 Ndf6
16.Rfd1 Rfd8 17.a4 a5 18.Rab1 h6 19.Ba1 Ba8 20.Ne1 Rb8 21.Rb3 Nd6 22.f3 Nfe8
23.g4 Bc6 24.Ra3 cxd4 25.exd4 Qe7 26.Be2 Rdc8 27.c5 Bd5 28.Rc3 bxc5 29.dxc5
Nb7 30.Bb2 Nc7 31.c6 Nd8 32.Ba3 {#r} 1-0

[Event "It (open)"]
[Site "masterchessopen.com Obrenovac (Serbia)"]
[Date "2008.11.05"]
[Round "9"]
[White "Simic Radoslav (SRB)"]
[Black "Rajkovic Dusan (SRB)"]
[Result "0-1"]
[WhiteElo "2373"]
[BlackElo "2474"]

1.d4 Nf6 2.c4 e6 3.Nc3 Bb4 4.e3 c5 5.Nf3 d5 6.Bd3 dxc4 7.Bxc4 O-O 8.O-O Nbd7
9.Qe2 b6 10.Rd1 cxd4 11.exd4 Bb7 12.Bd2 Bxc3 13.bxc3 Qc7 14.Ba6 Bxa6 15.Qxa6
Rac8 16.Rdc1 Qc4 17.Qxc4 Rxc4 18.a4 Nd5 19.Kf1 Rfc8 20.Ra3 f6 21.Ng1 e5 22.Ne2
a6 23.a5 b5 24.Ke1 Kf7 25.h4 h5 26.g3 g6 27.dxe5 Nxe5 28.Kd1 Nd3 {#R} 0-1

[Event "Ch Ukraine"]
[Site "masterchessopen.com Poltava (Ukraine)"]
[Date "2008.12.03"]
[Round "2"]
[White "Korobov Anton (UKR)"]
[Black "Kravtsiv Martyn (UKR)"]
[Result "1-0"]
[WhiteElo "2605"]
[BlackElo "2549"]

1.d4 Nf6 2.c4 e6 3.Nc3 Bb4 4.e3 O-O 5.Bd3 d5 6.Nf3 c5 7.O-O dxc4 8.Bxc4 Nbd7
9.Qe2 b6 10.Rd1 cxd4 11.exd4 Bxc3 12.bxc3 Bb7 13.Bb3 Nd5 14.Bd2 Qf6 15.c4 Nf4
16.Qe3 Ng6 17.Ng5 Ne7 18.Ne4 Qg6 19.f3 Nf5 20.Qf2 Rac8 21.Rac1 Rfd8 22.Ng3 Ba6
23.Bb4 h6 24.a4 Nxg3 25.hxg3 e5 26.Rc3 Nb8 27.d5 Nd7 28.a5 Nc5 29.Bc2 Qf6
30.axb6 axb6 31.Ra1 Bb7 32.Ra7 Ra8 33.Rca3 Qe7 34.Qe3 Qg5 35.Rxa8 Rxa8
36.Rxa8+ Bxa8 37.f4 {#r} 1-0

[Event "Extraliga 2008/09"]
[Site "masterchessopen.com Czech Republic"]
[Date "2009.02.08"]
[Round "7"]
[White "Netusil Miroslav (CZE)"]
[Black "Gross David (CZE)"]
[Result "0-1"]
[WhiteElo "2267"]
[BlackElo "2388"]

1.d4 Nf6 2.c4 e6 3.Nc3 Bb4 4.e3 O-O 5.Bd3 c5 6.Nf3 d5 7.O-O dxc4 8.Bxc4 Nbd7
9.Ne2 cxd4 10.Nexd4 e5 11.a3 Be7 12.Nf5 Nb6 13.Qxd8 Bxd8 14.Nd6 e4 15.Nd4 Bc7
16.Nxc8 Raxc8 17.Bb3 Be5 18.Bd2 Nc4 19.Bc3 Nd5 20.Rfc1 Nxc3 21.Rxc3 Nxb2
22.Rxc8 Rxc8 23.Bd5 Bxd4 24.exd4 b6 25.Bxe4 Rc4 26.Bf3 Rxd4 27.Rc1 Rc4 28.Re1
Kf8 29.h3 Rc3 30.Bd5 g6 31.h4 Rxa3 32.Rc1 Rd3 33.Bf3 Rd7 34.Bg4 f5 35.Be2 Ke7
36.Bb5 Rd1+ {#R} 0-1

[Event "It (open)"]
[Site "masterchessopen.com Leiden (Netherlands)"]
[Date "2009.02.22"]
[Round "5"]
[White "Oosterom Erik (NED)"]
[Black "Miedema Roi (NED)"]
[Result "0-1"]
[WhiteElo "2128"]
[BlackElo "2432"]

1.d4 e6 2.c4 Nf6 3.Nf3 d5 4.Nc3 Bb4 5.e3 O-O 6.Bd3 c5 7.O-O dxc4 8.Bxc4 Nbd7
9.Qe2 a6 10.a4 Qa5 11.Bd2 Rd8 12.Bb3 b6 13.d5 exd5 14.Nxd5 Nxd5 15.Bxd5 Ra7
16.Rfd1 Rf8 17.Bc4 Bxd2 18.Qxd2 Qxd2 19.Rxd2 h6 20.Rd6 Re8 21.Rad1 Kf8 22.h3
Ke7 23.Kh2 Rc7 24.R1d2 Rf8 25.Be2 Bb7 26.b3 Rb8 27.h4 h5 28.a5 Bxf3 29.axb6
Rxb6 30.Rxb6 Bxe2 31.Rbd6 Bb5 32.g4 Ne5 33.Kg3 c4 34.f4 c3 {#R} 0-1

[Event "Ch Europe (w)"]
[Site "masterchessopen.com St. Petersburg (Russia)"]
[Date "2009.03.09"]
[Round "2"]
[White "Ni Viktorija (LAT)"]
[Black "Demina Julia (RUS)"]
[Result "0-1"]
[WhiteElo "2151"]
[BlackElo "2378"]

1.d4 Nf6 2.c4 e6 3.Nc3 Bb4 4.e3 O-O 5.Bd3 c5 6.Nf3 d5 7.O-O dxc4 8.Bxc4 Nbd7
9.Qe2 cxd4 10.exd4 Bxc3 11.bxc3 Qc7 12.Bb2 b6 13.Bd3 Bb7 14.c4 Rac8 15.Rad1
Qf4 16.Qd2 Nh5 17.Be2 Qxd2 18.Rxd2 Nf4 19.Rc1 Nxe2+ 20.Rxe2 Bxf3 21.gxf3 Nf6
22.Rec2 Rfd8 23.a4 Rc6 24.Kf1 Rdc8 25.Rc3 Ne8 26.Ke2 f6 27.Kd3 Kf7 28.Ba3 Rd8
29.Ke3 g6 30.Bb4 Ng7 31.d5 Nf5+ 32.Ke4 Rxc4+ 33.Rxc4 exd5+ 34.Kf4 dxc4 35.Rxc4
Rd4+ 36.Rxd4 Nxd4 37.Ke4 Nc6 38.Bc3 Ke6 39.Kd3 a6 40.f4 b5 41.axb5 axb5 42.Ke4
f5+ 43.Kd3 Kd5 44.f3 Nd8 45.Bd2 Ne6 46.Kc3 Nd4 {#R} 0-1

[Event "Ch France (team) 2009"]
[Site "masterchessopen.com France"]
[Date "2009.05.01"]
[Round "5"]
[White "Pira Davoud (FRA)"]
[Black "Lazarev Vladimir (FRA)"]
[Result "1-0"]
[WhiteElo "2382"]
[BlackElo "2462"]

1.d4 Nf6 2.Nf3 d5 3.c4 e6 4.Nc3 Bb4 5.e3 c5 6.Bd3 O-O 7.O-O dxc4 8.Bxc4 Nbd7
9.a3 Ba5 10.Qe2 cxd4 11.exd4 Bxc3 12.bxc3 Qc7 13.Bb2 b6 14.Bd3 Bb7 15.c4 Rfe8
16.Rfe1 Rac8 17.Rac1 Qd6 18.Bb1 Qf4 19.Qe3 Qxe3 20.fxe3 Ne4 21.Bd3 Red8
22.Red1 h6 23.Kf1 Rc7 24.Rc2 Rdc8 25.Rdc1 f5 26.Bc3 g5 27.Bb4 Bc6 28.Rb2 Bb5
29.Rbc2 Ba6 30.Rb2 Nef6 31.Rcb1 Ng4 32.Ke2 Nf2 33.Ne5 Nxd3 34.Kxd3 Rd8 {#r}
1-0

[Event "Cup Serbia (team)"]
[Site "masterchessopen.com Sombor (Serbia)"]
[Date "2009.05.20"]
[Round "2"]
[White "Pavlovic Milos (SRB)"]
[Black "Perunovic Milos (SRB)"]
[Result "1-0"]
[WhiteElo "2535"]
[BlackElo "2572"]

1.d4 Nf6 2.c4 e6 3.Nc3 Bb4 4.e3 O-O 5.Bd3 d5 6.Nf3 c5 7.O-O dxc4 8.Bxc4 Nbd7
9.a3 Ba5 10.Bd2 cxd4 11.exd4 Bxc3 12.bxc3 Qc7 13.Bd3 b6 14.Re1 Bb7 15.Rc1 Rfe8
16.Ne5 Nxe5 17.Rxe5 Qc6 18.Rg5 Ne4 19.Bxe4 Qxe4 20.Rg4 Qd5 21.c4 Qf5 22.Rc3 e5
23.d5 Rac8 24.Rh3 b5 25.Rh5 Qd7 26.Qf3 Rxc4 27.Rxg7+ Kf8 28.Rhxh7 Rf4 29.Qxf4
{#r} 1-0

[Event "It (open)"]
[Site "masterchessopen.com Subic Bay (Philippines)"]
[Date "2009.05.27"]
[Round "4"]
[White "Olay Edgar Reggie (PHI)"]
[Black "Nguyen Anh Dung (VIE)"]
[Result "0-1"]
[WhiteElo "2323"]
[BlackElo "2474"]

1.d4 Nf6 2.c4 e6 3.Nc3 Bb4 4.e3 c5 5.Bd3 d5 6.Nf3 O-O 7.O-O dxc4 8.Bxc4 Nbd7
9.a3 Bxc3 10.bxc3 b6 11.a4 Bb7 12.Ba3 Qc7 13.Be2 Rfe8 14.h3 e5 15.Rc1 Rac8
16.Re1 h6 17.Qb3 Bd5 18.Qd1 Re6 19.Nh4 exd4 20.cxd4 Qb7 21.Bf1 cxd4 22.exd4
Be4 23.f3 Bh7 24.Rxc8+ Qxc8 25.Rxe6 fxe6 26.Qb3 Nd5 27.Bc4 N7f6 28.g3 Qc7
29.f4 Be4 30.Ng2 Bxg2 31.f5 Bxh3 32.fxe6 Bxe6 33.Bc1 Bf7 34.Bd2 Ne4 35.Be1
Ndf6 36.d5 Qc5+ {#R} 0-1

[Event "Tournament (Elo)"]
[Site "masterchessopen.com Habana (Cuba)"]
[Date "2009.08.06"]
[Round "5"]
[White "Coto Mederos Michel"]
[Black "Borges Oliver (CUB)"]
[Result "1-0"]
[WhiteElo "2261"]
[BlackElo "2147"]

1.d4 Nf6 2.c4 e6 3.Nc3 Bb4 4.e3 d5 5.Bd3 O-O 6.Nf3 dxc4 7.Bxc4 Nbd7 8.O-O c5
9.a3 Ba5 10.Bd2 cxd4 11.exd4 Nb6 12.Ba2 Nbd5 13.Rc1 a6 14.b4 Bb6 15.Bg5 Qd6
16.Na4 Ba7 17.Bb1 Bd7 18.Nc5 Bc6 19.Re1 Rac8 20.Ne5 Bb8 21.Qd3 g6 22.Qh3 Nh5
23.Ne4 Ndf4 24.Bxf4 Bxe4 25.Bh6 Rxc1 26.Rxc1 Rd8 27.Bxe4 Qxd4 28.Qd3 Bxe5
29.Qxd4 Bxd4 30.Bxb7 Bb2 31.Rb1 Bxa3 32.Bxa6 Rb8 33.b5 Bc5 34.Rc1 Bb6 35.Bb7
Nf6 36.Bf3 Bd4 37.Rc4 e5 38.Rc7 Ne8 39.Re7 Nd6 40.Bd5 e4 41.Rd7 Be5 42.b6 Bg7
43.Be3 Be5 44.b7 Kg7 45.Ba7 {#r} 1-0

[Event "It (open)"]
[Site "masterchessopen.com Badalona (Spain)"]
[Date "2009.08.07"]
[Round "7"]
[White "Peralta Fernando (ARG)"]
[Black "Cruz Cristhian (PER)"]
[Result "0-1"]
[WhiteElo "2545"]
[BlackElo "2525"]

1.d4 e6 2.c4 Nf6 3.Nc3 Bb4 4.e3 O-O 5.Bd3 c5 6.Nf3 d5 7.O-O dxc4 8.Bxc4 Nbd7
9.Bd3 b6 10.Re1 Bb7 11.a3 cxd4 12.exd4 Bxc3 13.bxc3 Rc8 14.c4 Qc7 15.Ne5 Nxe5
16.Rxe5 Rfd8 17.Bb2 h6 18.Qe2 Rd7 19.Rc1 Qd8 20.d5 b5 21.cxb5 Rxc1+ 22.Bxc1
Nxd5 23.Bc2 Qc8 24.Qe4 Nf6 25.Qa4 Rc7 26.Re2 Be4 {#R} 0-1

[Event "It (open)"]
[Site "masterchessopen.com Abudhabi (United Arab Emirates)"]
[Date "2009.08.17"]
[Round "6"]
[White "Salem A R Saleh (UAE)"]
[Black "Choukri Adel (MAR)"]
[Result "1-0"]
[WhiteElo "2469"]
[BlackElo "2105"]

1.d4 Nf6 2.c4 e6 3.Nc3 Bb4 4.e3 O-O 5.Bd3 d5 6.Nf3 c5 7.O-O dxc4 8.Bxc4 Nbd7
9.Qe2 b6 10.Rd1 Bb7 11.d5 exd5 12.Nxd5 Nxd5 13.Bxd5 Bxd5 14.Rxd5 Qc7 15.a3 Nf6
16.Rd1 Ba5 17.e4 Rfe8 18.e5 Nd7 19.Bf4 Nf8 20.Ng5 h6 21.Ne4 Ng6 22.Bg3 Re6
23.f4 Ne7 24.Nd6 g6 25.Rac1 Rd8 26.b4 Nc6 27.bxa5 Rdxd6 28.exd6 {#r} 1-0

[Event "It (cat. 20) \"]
[Site "masterchessopen.com Bilbao (Spain)"]
[Date "2009.09.07"]
[Round "2"]
[White "Aronian Levon (ARM)"]
[Black "Karjakin Sergey (UKR)"]
[Result "1-0"]
[WhiteElo "2768"]
[BlackElo "2717"]

1.d4 Nf6 2.c4 e6 3.Nc3 Bb4 4.e3 O-O 5.Bd3 c5 6.Nf3 d5 7.O-O dxc4 8.Bxc4 Nbd7
9.Qe2 b6 10.Rd1 cxd4 11.exd4 Bb7 12.d5 Bxc3 13.dxe6 Bxf3 14.gxf3 fxe6 15.bxc3
Qc7 16.Ba3 { !?N } ( 16.Bxe6+ Kh8 17.f4 ( 17.Be3 Nc5 18.Bd5 Nxd5 19.Rxd5 Ne6
20.Bd4 Nf4 21.Qe5 Nxd5 22.Qxd5 Qf4 23.Qb7 Qf7 24.Qxf7 Rxf7 25.Re1 Kg8 26.Kg2
Raf8 27.Re3 h6 28.h4 Rf5 29.a3 Ra5 30.Re2 Rxa3 31.Re7 Rf7 32.Re4 Rc7 33.Kg3 b5
34.Kg4 a5 35.f4 Kf7 36.f5 Raxc3 37.Bxc3 Rxc3 38.Re1 a4 39.Rb1 Rb3 40.Rc1 a3 {
0-1, Wilk Bronislawa - Zawadka Andrzej 2021 , corr. 1992 Ch Poland (corr.) } )
17...Nc5 18.f5 Nfe4 19.Rd4 Nxe6 20.Rxe4 Nc5 21.Bf4 Qd7 22.Rd4 Qxf5 23.Be5 Rae8
24.Re1 Rxe5 25.Qxe5 Qxf2+ 26.Kh1 Qf3+ 27.Kg1 Nd3 28.Rxd3 Qxd3 29.a4 h6 { 0-1,
Donner Jan-Hein 2430 - Portisch Lajos 2523 , Leipzig 1960 Olympiad } )
16...Nc5 { +0.26 CAP } 17.Rd4 Kh8 18.Re1 Rac8 19.Qe5 Qf7 20.Bc1 Nd5 21.Bxd5
exd5 22.Qxd5 Qxf3 23.Qxf3 Rxf3 24.Re7 { DA } 24...Rxc3 { ?! } ( 24...Kg8 {
^254 ^00 ^00 ^00 } 25.Rxa7 { ^254 ^00 ^00 ^00 } 25...Rf7 { ^254 ^00 ^00 ^00 }
26.Ra3 { ^254 ^00 ^00 ^00 } 26...Re7 { ^254 ^00 ^00 ^00 } 27.Kg2 { ^254 ^00
^00 ^00 } 27...h6 { ^254 ^00 ^00 ^00 } 28.c4 { ^254 ^00 ^00 ^00 } 28...Rc6 {
^254 ^00 ^00 ^00 } 29.Bd2 { ^254 ^00 ^00 ^00 } 29...Rg6+ { ^254 ^00 ^00 ^00 }
30.Kf1 { ^254 ^00 ^00 ^00 } 30...Rge6 { ? } ) 25.Be3 Ra3 { ?! } ( 25...a5 { !?
} 26.Rg4 h5 27.Rg5 Rc6 28.Rgxg7 Rc4 29.Rh7+ Kg8 30.Rxh5 { ± } ) 26.Rg4 h5
27.Rg5 h4 28.Bd4 Kh7 29.Rgxg7+ Kh6 30.Bb2 {#r} 1-0